000 00627nam a2200217Ia 4500
005 20250508165345.0
008 008 250505s9999 xx 000 0 eng d
020 _a978-81-321-1390-4
037 _aTextual
040 _aFEDL
_beng
_cFEDL
041 _aeng
_2eng
084 _a306, VIS
_qFEDL
100 _aVisvanathan Susan Ed.
_914399
245 0 _aCulture and society, Vol. 9
260 _aNew Delhi, India
_bSage Publications India Pvt. Ltd.
_c2014
300 _axxxiii, 377p.
365 _aINR
_b695
490 _aReading in Indian Sociology
942 _cTEXL
_h306, VIS
999 _c1394647
_d1394647